000 00323pam a2200145 a 4500
020 _c
041 _aeng
082 _bCHO
100 _aChoudhari Amit.
245 _aThe Picador Book Of Modern Indian Literature
_hTextual Documents
250 _a2001.
260 _a[s.l]:
_bPicador
300 _a638pg.
930 _a11512
999 _c88415
_d88415